<?xml version="1.0" encoding="UTF-8"?>
<record
    xmlns:xsi="http://www.w3.org/2001/XMLSchema-instance"
    xsi:schemaLocation="http://www.loc.gov/MARC21/slim http://www.loc.gov/standards/marcxml/schema/MARC21slim.xsd"
    xmlns="http://www.loc.gov/MARC21/slim">

  <leader>03241nam a2200385 u 4500</leader>
  <controlfield tag="001">1302439</controlfield>
  <controlfield tag="005">20260508075126.0</controlfield>
  <controlfield tag="008">121018s2009                        spa  </controlfield>
  <datafield tag="020" ind1=" " ind2=" ">
    <subfield code="a">9789708300117</subfield>
  </datafield>
  <datafield tag="035" ind1=" " ind2=" ">
    <subfield code="a">1302439</subfield>
  </datafield>
  <datafield tag="040" ind1=" " ind2=" ">
    <subfield code="c">comduadb</subfield>
  </datafield>
  <datafield tag="041" ind1=" " ind2=" ">
    <subfield code="a">spa</subfield>
  </datafield>
  <datafield tag="082" ind1=" " ind2="4">
    <subfield code="a">620</subfield>
  </datafield>
  <datafield tag="100" ind1="1" ind2="0">
    <subfield code="a">Soutas-Little, Robert W.</subfield>
    <subfield code="4">aut</subfield>
    <subfield code="e">aut</subfield>
    <subfield code="9">643485</subfield>
  </datafield>
  <datafield tag="245" ind1="1" ind2="0">
    <subfield code="a">Ingenier&#xED;a mec&#xE1;nica: din&#xE1;mica</subfield>
  </datafield>
  <datafield tag="250" ind1=" " ind2=" ">
    <subfield code="a">1. ed.</subfield>
  </datafield>
  <datafield tag="260" ind1=" " ind2=" ">
    <subfield code="a">M&#xE9;xico :</subfield>
    <subfield code="b">Cengage Learning,</subfield>
    <subfield code="c">2009.</subfield>
  </datafield>
  <datafield tag="300" ind1=" " ind2=" ">
    <subfield code="a">xiv, 541 p. : il.</subfield>
  </datafield>
  <datafield tag="505" ind1=" " ind2=" ">
    <subfield code="a">CONTENIDOS: .-- Prefacio.-- 1. Cinem&#xE1;tica de una part&#xED;cula.-- 2. Cin&#xE9;tica de part&#xED;culas.-- 3. Primeras integrales de movimiento con trabajo -energ&#xED;a y con impulso- cantidad de movimiento.-- 4. Sistema de part&#xED;culas.-- 5. Cinem&#xE1;tica de cuerpos r&#xED;gidos.-- 6. Din&#xE1;mica de cuerpos r&#xED;gidos en movimiento plano.-- 7. Potencia, trabajo, energ&#xED;a, impulso y cantidad de movimiento de un cuerpo r&#xED;gido.-- 8. Din&#xE1;mica en tres dimensiones de cuerpos.-- 9. Vibraci&#xF3;n.-- 10. Momentos de inercia de masa.-- 11. C&#xE1;lculo vectorial y ecuaciones diferenciales ordinarias.-- 12. Diccionario &#xED;ndice de din&#xE1;mica.-- Respuestas a problemas con n&#xFA;mero impar. &#xCD;ndice.</subfield>
  </datafield>
  <datafield tag="520" ind1="3" ind2=" ">
    <subfield code="a">Centr&#xE1;ndose en la comprensi&#xF3;n de conceptos mec&#xE1;nicos, este nuevo texto de Din&#xE1;mica, apunta hacia los progresos en los m&#xE9;todos de analizar problemas de la mec&#xE1;nica. Incorpora completamente el uso de paquetes de software altamente sofisticados (Mathcad, MATLAB, Mathematica y Maple) actualmente disponibles para los estudiantes. El texto proporciona el material de transici&#xF3;n a los cursos de alto nivel, as&#xED; como un gran n&#xFA;mero de problemas para reforzar la comprensi&#xF3;n de los temas. El &#xE9;nfasis est&#xE1; en el modelado y la formulaci&#xF3;n de las ecuaciones del movimiento. Esto capacita a los estudiantes para reconocer la importancia de generar dichas ecuaciones en lugar de simplemente buscar una ecuaci&#xF3;n particular que utilizar. &#xBF; Los problemas de tarea est&#xE1;n marcados de manera que el profesor y el estudiante sepan si un problema en particular se puede y, en algunos casos, se debe solucionar con la ayuda del software o si podr&#xED;a ser resuelto f&#xE1;cilmente "a mano". &#xBF; Los m&#xE9;todos de c&#xF3;mputo fueron separados en el texto para poderlos omitir si el profesor as&#xED; lo elige. Estos m&#xE9;todos est&#xE1;n disponibles como referencia para el estudiante de cursos m&#xE1;s avanzados. &#xBF; Para referencia f&#xE1;cil, se incluye un "Diccionario &#xED;ndice de din&#xE1;mica" que permite a los estudiantes encontrar la definici&#xF3;n r&#xE1;pida de un tema y su localizaci&#xF3;n en el texto.</subfield>
  </datafield>
  <datafield tag="650" ind1=" " ind2="7">
    <subfield code="a">Ingenier&#xED;a mec&#xE1;nica</subfield>
    <subfield code="2">lemb</subfield>
    <subfield code="9">1185</subfield>
  </datafield>
  <datafield tag="650" ind1=" " ind2="7">
    <subfield code="a">Din&#xE1;mica de part&#xED;culas</subfield>
    <subfield code="2">lemb</subfield>
    <subfield code="9">6181</subfield>
  </datafield>
  <datafield tag="650" ind1=" " ind2="7">
    <subfield code="a">Din&#xE1;mica de cuerpos r&#xED;gidos</subfield>
    <subfield code="2">armarc</subfield>
    <subfield code="9">195021</subfield>
  </datafield>
  <datafield tag="650" ind1=" " ind2="7">
    <subfield code="a">Din&#xE1;mica de estructuras</subfield>
    <subfield code="2">lemb</subfield>
    <subfield code="9">23761</subfield>
  </datafield>
  <datafield tag="650" ind1=" " ind2="7">
    <subfield code="a">Cinem&#xE1;tica</subfield>
    <subfield code="2">lemb</subfield>
    <subfield code="9">8361</subfield>
  </datafield>
  <datafield tag="650" ind1=" " ind2=" ">
    <subfield code="a">Trabajo y energ&#xED;a</subfield>
    <subfield code="9">104106</subfield>
  </datafield>
  <datafield tag="650" ind1=" " ind2=" ">
    <subfield code="a">Problemas y ejercicios</subfield>
    <subfield code="9">200081</subfield>
  </datafield>
  <datafield tag="650" ind1=" " ind2=" ">
    <subfield code="a">Cuerpos r&#xED;gidos</subfield>
    <subfield code="9">204167</subfield>
  </datafield>
  <datafield tag="650" ind1=" " ind2="7">
    <subfield code="a">Din&#xE1;mica</subfield>
    <subfield code="2">lemb</subfield>
    <subfield code="9">61963</subfield>
  </datafield>
  <datafield tag="700" ind1="1" ind2="0">
    <subfield code="a">Balint, Daniel S.</subfield>
    <subfield code="4">aut</subfield>
    <subfield code="e">aut</subfield>
    <subfield code="9">698443</subfield>
  </datafield>
  <datafield tag="700" ind1="1" ind2="0">
    <subfield code="a">Le&#xF3;n C&#xE1;rdenas, Javier</subfield>
    <subfield code="4">trl</subfield>
    <subfield code="0">(viaf)73652005</subfield>
    <subfield code="e">trl</subfield>
    <subfield code="9">396286</subfield>
  </datafield>
  <datafield tag="700" ind1="1" ind2="0">
    <subfield code="a">Mu&#xF1;oz D&#xED;az, Enrique</subfield>
    <subfield code="4">rev</subfield>
    <subfield code="e">rev</subfield>
    <subfield code="9">710036</subfield>
  </datafield>
  <datafield tag="700" ind1="1" ind2="0">
    <subfield code="a">Inman, Daniel  J.</subfield>
    <subfield code="4">aut</subfield>
    <subfield code="e">aut</subfield>
    <subfield code="9">587241</subfield>
  </datafield>
  <datafield tag="942" ind1=" " ind2=" ">
    <subfield code="c">BOOK</subfield>
  </datafield>
  <datafield tag="999" ind1=" " ind2=" ">
    <subfield code="c">626245</subfield>
    <subfield code="d">626245</subfield>
  </datafield>
  <datafield tag="952" ind1=" " ind2=" ">
    <subfield code="0">0</subfield>
    <subfield code="1">0</subfield>
    <subfield code="4">0</subfield>
    <subfield code="7">0</subfield>
    <subfield code="8">GEN</subfield>
    <subfield code="a">BC</subfield>
    <subfield code="b">BC</subfield>
    <subfield code="d">2012-10-18</subfield>
    <subfield code="e">Material adquirido por donaci&#xF3;n</subfield>
    <subfield code="i">C1160128</subfield>
    <subfield code="l">0</subfield>
    <subfield code="o">620.1064 S726</subfield>
    <subfield code="p">796256</subfield>
    <subfield code="r">2023-05-02 00:00:00</subfield>
    <subfield code="t">1</subfield>
    <subfield code="w">2023-05-02</subfield>
    <subfield code="y">BOOK</subfield>
  </datafield>
</record>
